[Event "MVP-ch Seniors op 18th"]
[Site "Ostseebad Binz"]
[Date "2018.12.04"]
[Round "7"]
[White "Jung, Michael"]
[Black "Schulz, Gerhard1111"]
[Result "0-1"]
[WhiteElo "1726"]
[BlackElo "1879"]
[PlyCount "78"]
[EventDate "2018.11.28"]
[EventType "swiss"]
[EventRounds "9"]
[EventCountry "GER"]
[SourceTitle "CBM 188 Extra"]
[Source "ChessBase"]
[SourceDate "2019.02.26"]
[SourceVersion "1"]
[SourceVersionDate "2019.02.26"]
[SourceQuality "1"]

1. g3 Nf6 2. Bg2 d5 3. e3 e6 4. Ne2 Be7 5. d3 0-0 6. 0-0 b6 7. Nd2 Bb7 8. a3 c5 9. b3 Nc6 10. Bb2 Qc7 11. Rb1 Rfd8 12. Re1 Rac8 13. Kh1 d4 14. e4 e5 15. Rf1 b5 16. h3 a6 17. Kh2 Na5 18. Bc1 Ba8 19. f4 c4 20. b4 cxd3 21. cxd3 Nc6 22. Nf3 Nd7 23. fxe5 Ndxe5 24. Nxe5 Nxe5 25. Bf4 Bf6 26. Rc1 Qd7 27. Rxc8 Rxc8 28. Bxe5 Bxe5 29. Nf4 Rc3 30. Qh5 Bxf4 31. Rxf4 Rxd3 32. h4 Rxa3 33. Qe5 Bc6 34. Bf3 Ra2+ 35. Kg1 d3 36. Bg4 Qa7+ 37. Kh1 Rc2 38. Qd6 Rc1+ 39. Kg2 Qg1+ 0-1

[Event "GER-ch Seniors 65"]
[Site "Hamburg"]
[Date "2018.07.26"]
[Round "6"]
[White "Jung, Michael"]
[Black "Raedisch, Peter"]
[Result "1-0"]
[WhiteElo "1756"]
[BlackElo "1606"]
[PlyCount "74"]
[EventDate "2018.07.21"]
[EventType "swiss"]
[EventRounds "9"]
[EventCountry "GER"]
[SourceTitle "CBM 186 Extra"]
[Source "ChessBase"]
[SourceDate "2018.08.24"]
[SourceVersion "1"]
[SourceVersionDate "2018.08.24"]
[SourceQuality "1"]

1. c4 e5 2. g3 d5 3. cxd5 Qxd5 4. Nf3 c6 5. Nc3 Qe6 6. Bg2 Bd6 7. 0-0 h6 8. e3 Nf6 9. d4 0-0 10. a3 e4 11. Nd2 Re8 12. Ndxe4 Nxe4 13. Nxe4 Be7 14. b4 Qg6 15. Nc5 Nd7 16. Bb2 Nxc5 17. bxc5 Be6 18. Bc3 Bc4 19. Re1 Rad8 20. Ba5 Ra8 21. Qd2 Bf6 22. Bc7 Rac8 23. Bd6 Rcd8 24. e4 Be7 25. e5 Kh8 26. Be4 Qe6 27. Qc2 g6 28. Bg2 Kg7 29. a4 h5 30. h4 Qg4 31. Re4 Qe6 32. Kh2 g5 33. Bxe7 Qxe7 34. hxg5 Qxg5 35. Qc1 Qxc1 36. Rxc1 Kg6 37. Rf4 Rh8 1-0

[Event "GER-ch Seniors 65+ 30th"]
[Site "Hamburg"]
[Date "2018.07.24"]
[Round "4"]
[White "Jung, Michael"]
[Black "Springer, Wolfgang Wilhelm"]
[Result "1-0"]
[WhiteElo "1756"]
[BlackElo "1388"]
[PlyCount "65"]
[EventDate "2018.07.21"]
[EventType "swiss"]
[EventRounds "9"]
[EventCountry "GER"]
[SourceTitle "EXT 2020"]
[Source "ChessBase"]
[SourceDate "2019.10.17"]
[SourceVersion "1"]
[SourceVersionDate "2019.10.17"]
[SourceQuality "1"]

1. c4 c5 2. g3 g6 3. Bg2 Bg7 4. e3 e5 5. Ne2 Nf6 6. Nbc3 0-0 7. 0-0 d6 8. h3 Nc6 9. d3 Rb8 10. b3 Bd7 11. Bb2 a6 12. Qc2 b5 13. a3 b4 14. axb4 Nxb4 15. Qd2 Bh6 16. Ra3 a5 17. Rfa1 Nc6 18. Nb5 Bf5 19. Bc3 Nb4 20. Bxb4 axb4 21. Ra6 d5 22. Rd6 Qe7 23. Ra7 Bd7 24. Rxf6 Qxf6 25. Rxd7 dxc4 26. dxc4 Rbd8 27. Rxd8 Rxd8 28. Bd5 Kg7 29. Nc1 e4 30. Ne2 Qa1+ 31. Kg2 Qf6 32. Nf4 g5 33. Nh5+ 1-0

[Event "MVP-ch Seniors op 17th"]
[Site "Binz"]
[Date "2017.12.04"]
[Round "6.69"]
[White "Ludwig, Richard"]
[Black "Jung, Michael"]
[Result "0-1"]
[WhiteElo "1638"]
[BlackElo "1779"]
[PlyCount "111"]
[EventDate "2017.11.29"]
[EventType "swiss"]
[EventRounds "9"]
[EventCountry "GER"]
[SourceTitle "EXT 2019"]
[Source "ChessBase"]
[SourceDate "2018.10.10"]
[SourceVersion "1"]
[SourceVersionDate "2018.10.10"]
[SourceQuality "1"]

1. e4 e6 2. d4 d5 3. exd5 exd5 4. Bd3 Nf6 5. Bf4 Bg4 6. Nf3 Bb4+ 7. c3 Bd6 8. Bxd6 Qxd6 9. 0-0 0-0 10. Nbd2 Nbd7 11. h3 Bh5 12. Re1 Rfe8 13. Qc2 Nf8 14. Rxe8 Rxe8 15. Re1 Re6 16. Rxe6 Nxe6 17. Ne5 c5 18. Ndf3 c4 19. Be2 Ne4 20. Nh2 Bxe2 21. Qxe2 f6 22. Nef3 Nf4 23. Qc2 Nd3 24. Ng4 h5 25. Ne3 Ndxf2 26. Nf1 a6 27. N1d2 f5 28. Nxe4 Nxe4 29. Qc1 f4 30. Qd1 g6 31. Nd2 Nxd2 32. Qxd2 Kf7 33. Qf2 g5 34. Qf3 Kg6 35. Qe2 Qd7 36. Qe5 Qf7 37. Qd6+ Kh7 38. Qe5 g4 39. hxg4 hxg4 40. Qg5 g3 41. Qh4+ Kg8 42. Qd8+ Kg7 43. Qg5+ Kh7 44. Qh4+ Kg7 45. Qg5+ Kf8 46. Qh4 Ke8 47. Qh8+ Kd7 48. Qh3+ Kc7 49. Kf1 Qg6 50. Qh4 Qb1+ 51. Ke2 Qxb2+ 52. Kf3 Qxc3+ 53. Kg4 Qxd4 54. Qe7+ Kb6 55. Qd8+ Ka7 56. Kf3 0-1

[Event "MVP-ch Seniors op 17th"]
[Site "Binz"]
[Date "2017.12.02"]
[Round "4.45"]
[White "Bachmann, Rolf"]
[Black "Jung, Michael"]
[Result "1-0"]
[WhiteElo "1954"]
[BlackElo "1779"]
[PlyCount "99"]
[EventDate "2017.11.29"]
[EventType "swiss"]
[EventRounds "9"]
[EventCountry "GER"]
[SourceTitle "EXT 2019"]
[Source "ChessBase"]
[SourceDate "2018.10.10"]
[SourceVersion "1"]
[SourceVersionDate "2018.10.10"]
[SourceQuality "1"]

1. d4 d5 2. Nf3 Nf6 3. c4 c6 4. e3 Bg4 5. Qb3 Qb6 6. Ne5 Qxb3 7. axb3 e6 8. c5 Nbd7 9. f4 Bf5 10. Nc3 Be7 11. b4 0-0 12. b5 Nxe5 13. fxe5 Ne4 14. Na2 Rfc8 15. Nb4 Bh4+ 16. g3 Be7 17. bxc6 bxc6 18. Ra6 h5 19. Nxc6 Rc7 20. Nxe7+ Rxe7 21. b4 Rb8 22. b5 Nc3 23. Ra5 Reb7 24. c6 Rb6 25. Ba3 Nxb5 26. Bc5 Nc7 27. Bxb6 Rxb6 28. Rxa7 Rxc6 29. Be2 Rc1+ 30. Bd1 Bg4 31. Kd2 Rb1 32. Rxc7 Bxd1 33. Rxd1 Rb2+ 34. Rc2 Rb3 35. Ra1 g5 36. Ra7 h4 37. gxh4 gxh4 38. h3 Kg7 39. Ke2 Kg6 40. Kf3 Rb1 41. Rg2+ Kh6 42. Rxf7 Rf1+ 43. Rf2 Rb1 44. Rf6+ Kh5 45. Rg2 Rg1 46. Rh2 Rg3+ 47. Kf2 Kg5 48. Rf3 Kh5 49. Rxg3 hxg3+ 50. Kxg3 1-0

[Event "Schleswig Holstein-ch Seniors op 11th"]
[Site "Buesum"]
[Date "2017.09.11"]
[Round "4"]
[White "Klose, Hans Peter"]
[Black "Jung, Michael"]
[Result "0-1"]
[WhiteElo "1537"]
[BlackElo "1794"]
[PlyCount "87"]
[EventDate "2017.09.08"]
[EventType "swiss"]
[EventRounds "9"]
[EventCountry "GER"]
[SourceTitle "EXT 2019"]
[Source "ChessBase"]
[SourceDate "2018.10.10"]
[SourceVersion "1"]
[SourceVersionDate "2018.10.10"]
[SourceQuality "1"]

1. c4 e6 2. g3 d5 3. cxd5 exd5 4. Bg2 Nf6 5. e3 c6 6. Ne2 Bc5 7. 0-0 0-0 8. b3 Bf5 9. d4 Bb6 10. Ba3 Re8 11. Nbc3 Nbd7 12. Rc1 Bc7 13. Na4 h6 14. Nc5 Nxc5 15. dxc5 Qd7 16. Bb2 Ne4 17. Bxe4 Rxe4 18. Re1 Bg4 19. Qd2 Bf3 20. Nd4 Bh5 21. f3 Re7 22. Qg2 Rae8 23. g4 Bg6 24. Nf5 Bxf5 25. gxf5 Be5 26. Bxe5 Rxe5 27. e4 Qe6 28. Kf1 dxe4 29. Rxe4 Rxe4 30. fxe4 Qxe4 31. Qxe4 Rxe4 32. Rc2 Re5 33. Rf2 Rxc5 34. h4 f6 35. Kg1 Kf8 36. h5 Rd5 37. Kh2 Rd4 38. Kg3 Ke7 39. Re2+ Kd7 40. Rf2 Kd6 41. Rf4 Kd5 42. Rg4 Rxg4+ 43. Kxg4 Ke4 44. a3 0-1

[Event "Schleswig Holstein-ch Seniors op 11th"]
[Site "Buesum"]
[Date "2017.09.08"]
[Round "1"]
[White "Jung, Michael"]
[Black "Walther, Reinhard"]
[Result "0-1"]
[WhiteElo "1794"]
[BlackElo "2051"]
[PlyCount "66"]
[EventDate "2017.09.08"]
[EventType "swiss"]
[EventRounds "9"]
[EventCountry "GER"]
[SourceTitle "EXT 2019"]
[Source "ChessBase"]
[SourceDate "2018.10.10"]
[SourceVersion "1"]
[SourceVersionDate "2018.10.10"]
[SourceQuality "1"]

1. g3 d5 2. Bg2 Nf6 3. c4 e6 4. cxd5 exd5 5. d4 Bd6 6. Nc3 c6 7. Nf3 Bf5 8. a3 Nbd7 9. b4 a6 10. 0-0 Qc7 11. Na4 Ne4 12. Nc5 Ndf6 13. Bb2 h6 14. Ne5 0-0 15. Rc1 Rae8 16. f4 Re7 17. Qe1 Rfe8 18. e3 Bxc5 19. bxc5 Qc8 20. Bc3 Nxc3 21. Qxc3 Ne4 22. Bxe4 Bxe4 23. Nd3 Bxd3 24. Qxd3 Rxe3 25. Qd2 Re2 26. Qd1 Qh3 27. Rf2 Rxf2 28. Kxf2 Qxh2+ 29. Kf3 Re4 30. Rb1 g5 31. fxg5 hxg5 32. g4 Rf4+ 33. Ke3 Qf2+ 0-1

[Event "MVP-ch Seniors op 16th"]
[Site "Binz"]
[Date "2016.11.30"]
[Round "8.68"]
[White "Holfter, Dietrich"]
[Black "Jung, Michael"]
[Result "1-0"]
[WhiteElo "1666"]
[BlackElo "1835"]
[PlyCount "81"]
[EventDate "2016.11.23"]
[EventType "swiss"]
[EventRounds "9"]
[EventCountry "GER"]
[SourceTitle "EXT 2018"]
[Source "ChessBase"]
[SourceDate "2017.10.13"]
[SourceVersion "1"]
[SourceVersionDate "2017.10.13"]
[SourceQuality "1"]

1. d4 g6 2. c4 Bg7 3. Nc3 c6 4. Nf3 h6 5. e4 d6 6. Be3 e6 7. Bd3 Ne7 8. Qd2 0-0 9. Bxh6 Nd7 10. h4 Nf6 11. 0-0-0 Ng4 12. Bxg7 Kxg7 13. h5 e5 14. h6+ Kh7 15. Ng5+ Kh8 16. f3 Nf6 17. h7 exd4 18. Ne2 c5 19. Nf4 Nc6 20. Nd5 Nxd5 21. exd5 Ne5 22. Qf4 Nxd3+ 23. Rxd3 Bf5 24. Rdd1 f6 25. Ne6 Bxe6 26. dxe6 Qe7 27. Rde1 Rae8 28. Qg3 g5 29. f4 Rd8 30. f5 d5 31. cxd5 Rxd5 32. Qf3 Qd6 33. Kb1 d3 34. e7 Re8 35. Re6 Qd7 36. Rxf6 Qxe7 37. Re6 d2 38. Rxe7 d1Q+ 39. Rxd1 Rxd1+ 40. Qxd1 Rxe7 41. Qd8+ 1-0

[Event "MVP-ch Seniors op 16th"]
[Site "Binz"]
[Date "2016.11.29"]
[Round "7.59"]
[White "Jung, Michael"]
[Black "Moeller, Peter1111"]
[Result "0-1"]
[WhiteElo "1835"]
[BlackElo "1715"]
[PlyCount "92"]
[EventDate "2016.11.23"]
[EventType "swiss"]
[EventRounds "9"]
[EventCountry "GER"]
[SourceTitle "EXT 2018"]
[Source "ChessBase"]
[SourceDate "2017.10.13"]
[SourceVersion "1"]
[SourceVersionDate "2017.10.13"]
[SourceQuality "1"]

1. c4 e5 2. g3 Nf6 3. Bg2 d6 4. Nc3 Be7 5. h3 Nbd7 6. e4 Rb8 7. Nge2 b6 8. d3 Bb7 9. Be3 0-0 10. 0-0 Ne8 11. Rc1 Bg5 12. f4 exf4 13. Bxf4 Nc5 14. h4 Bxf4 15. Nxf4 Nf6 16. Qf3 Qd7 17. Bh3 Qe7 18. Rc2 a6 19. Rfc1 Qe5 20. Kh2 Bc8 21. Ncd5 Bxh3 22. Nxh3 c6 23. Nb4 Rfc8 24. Rd2 Qe7 25. Re1 a5 26. Nc2 Qd7 27. Kg2 Qg4 28. Qf2 Re8 29. Ne3 Qc8 30. Nf5 Qc7 31. Qd4 Rbd8 32. Nf4 Ne6 33. Qf2 Nxf4+ 34. Qxf4 Qd7 35. Kh2 Kh8 36. Rf2 Rg8 37. Nxg7 Ng4+ 38. Kg2 Rxg7 39. Rf3 Qe7 40. Rh1 Ne5 41. Re3 Rdg8 42. b3 Rg4 43. Qf2 Rxh4 44. Qf5 Rxh1 45. Kxh1 Ng4 46. Re2 Rg6 0-1

[Event "MVP-ch Seniors op 16th"]
[Site "Binz"]
[Date "2016.11.28"]
[Round "6.43"]
[White "Walther, Gerd"]
[Black "Jung, Michael"]
[Result "1-0"]
[WhiteElo "1950"]
[BlackElo "1835"]
[PlyCount "94"]
[EventDate "2016.11.23"]
[EventType "swiss"]
[EventRounds "9"]
[EventCountry "GER"]
[SourceTitle "EXT 2018"]
[Source "ChessBase"]
[SourceDate "2017.10.13"]
[SourceVersion "1"]
[SourceVersionDate "2017.10.13"]
[SourceQuality "1"]

1. d4 d5 2. Nf3 Nf6 3. Bg5 e6 4. e3 Be7 5. Nbd2 a6 6. Bd3 Nbd7 7. 0-0 c5 8. c3 b5 9. Ne5 Bb7 10. Nxd7 Nxd7 11. Bxe7 Qxe7 12. f4 0-0 13. Qh5 f5 14. g4 Nf6 15. Qh4 Rae8 16. h3 Ne4 17. Qxe7 Rxe7 18. Bxe4 dxe4 19. dxc5 Rd8 20. Nb3 Red7 21. Nd4 Bd5 22. c6 Rc7 23. gxf5 exf5 24. Rfd1 Bxc6 25. Nxf5 Rd3 26. Rxd3 exd3 27. Rd1 Be4 28. Ng3 Bd5 29. Rxd3 Bxa2 30. Rd6 a5 31. e4 g6 32. Rd4 Kf7 33. Kf2 a4 34. Ne2 Bc4 35. Nc1 Ra7 36. Nd3 a3 37. bxa3 Rxa3 38. Ne5+ Ke6 39. Nxc4 bxc4 40. Rxc4 Ra2+ 41. Kg3 Re2 42. Rc8 h5 43. Kh4 Kf7 44. e5 Rf2 45. Kg5 Rg2+ 46. Kh6 Rf2 47. Rc7+ Ke6 1-0

[Event "Schleswig Holstein-ch Seniors op 10th"]
[Site "Buesum"]
[Date "2016.09.30"]
[Round "5"]
[White "Lachat, Martin"]
[Black "Jung, Michael"]
[Result "0-1"]
[WhiteElo "1601"]
[BlackElo "1819"]
[PlyCount "76"]
[EventDate "2016.09.26"]
[EventType "swiss"]
[EventRounds "9"]
[EventCountry "GER"]
[SourceTitle "EXT 2019"]
[Source "ChessBase"]
[SourceDate "2018.10.10"]
[SourceVersion "1"]
[SourceVersionDate "2018.10.10"]
[SourceQuality "1"]

1. c4 g6 2. Nc3 Bg7 3. d4 e6 4. e4 d6 5. Nf3 Ne7 6. Bg5 h6 7. Be3 0-0 8. Be2 Nd7 9. 0-0 b6 10. Qc2 f5 11. Qd2 Kh7 12. Bd3 Bb7 13. exf5 exf5 14. d5 Ne5 15. Be2 Ng8 16. Nd4 Bc8 17. f4 Ng4 18. Nc6 Qh4 19. Bxg4 fxg4 20. Bf2 Qf6 21. Bd4 Qf7 22. Bxg7 Qxg7 23. Rae1 Bf5 24. Re2 a6 25. Rfe1 Qf7 26. Ne7 Rae8 27. Nxg8 Kxg8 28. Re3 Rxe3 29. Qxe3 Qf6 30. Qd2 h5 31. Ne4 Qd8 32. Ng5 Re8 33. Re3 Rxe3 34. Qxe3 Qf8 35. Ne6 Qe7 36. Kf2 Bxe6 37. f5 Qh4+ 38. Kg1 Bxf5 0-1

[Event "Schleswig Holstein-ch Seniors op 10th"]
[Site "Buesum"]
[Date "2016.09.29"]
[Round "4"]
[White "Samarian, Cornel"]
[Black "Jung, Michael"]
[Result "1-0"]
[WhiteElo "1668"]
[BlackElo "1819"]
[PlyCount "93"]
[EventDate "2016.09.26"]
[EventType "swiss"]
[EventRounds "9"]
[EventCountry "GER"]
[SourceTitle "EXT 2019"]
[Source "ChessBase"]
[SourceDate "2018.10.10"]
[SourceVersion "1"]
[SourceVersionDate "2018.10.10"]
[SourceQuality "1"]

1. d4 d5 2. Nf3 Nf6 3. Bf4 Nbd7 4. e3 g6 5. Bd3 Bg7 6. h3 0-0 7. 0-0 c5 8. c3 a6 9. a4 b6 10. Nbd2 Bb7 11. Re1 Re8 12. Ne5 Nh5 13. Bh2 Rc8 14. Nxd7 Qxd7 15. Be2 Nf6 16. Bf3 e6 17. Rc1 a5 18. Qc2 Bc6 19. Ra1 Bb7 20. Be5 Rc6 21. Be2 Rcc8 22. Bb5 Bc6 23. Bxc6 Qxc6 24. Nb1 Nh5 25. Bxg7 Nxg7 26. Na3 Nf5 27. Nb5 Re7 28. e4 dxe4 29. dxc5 Qxc5 30. Qxe4 Rd7 31. Rad1 Rcd8 32. Rxd7 Rxd7 33. Qf4 Rd8 34. g4 Ne7 35. Qe4 Nd5 36. Rd1 Rc8 37. Rd4 Qe7 38. Rxd5 Qh4 39. Rd3 Rc5 40. Qf3 Re5 41. Kf1 h5 42. Rd7 Kh8 43. Rxf7 hxg4 44. Rf8+ Kg7 45. Qf7+ Kh6 46. Rh8+ Kg5 47. Qe7+ 1-0

[Event "Hessen-ch Seniors op 12th"]
[Site "Bad Sooden-Allendorf"]
[Date "2016.05.05"]
[Round "6"]
[White "Jung, Michael"]
[Black "Wilfert, Eva Maria"]
[Result "1-0"]
[WhiteElo "1823"]
[BlackElo "1655"]
[PlyCount "87"]
[EventDate "2016.04.30"]
[EventType "swiss"]
[EventRounds "9"]
[EventCountry "GER"]
[SourceTitle "EXT 2019"]
[Source "ChessBase"]
[SourceDate "2018.10.10"]
[SourceVersion "1"]
[SourceVersionDate "2018.10.10"]
[SourceQuality "1"]

1. c4 Nf6 2. Nc3 g6 3. g3 Bg7 4. Bg2 d6 5. h3 Nbd7 6. d4 c6 7. e4 e5 8. Be3 0-0 9. Nge2 a6 10. 0-0 Rb8 11. a4 b6 12. Qd2 Bb7 13. Rfd1 Qc7 14. Rac1 Rfd8 15. Bh6 exd4 16. Nxd4 c5 17. Nde2 Ne8 18. Bf4 Ne5 19. Nd5 Bxd5 20. cxd5 Nd7 21. Bh6 Rdc8 22. Bxg7 Nxg7 23. b4 Qd8 24. f4 f6 25. b5 a5 26. h4 Qf8 27. Rf1 Re8 28. Rce1 Re7 29. Nc3 Rf7 30. Bh3 Kh8 31. Bxd7 Rxd7 32. e5 fxe5 33. fxe5 Qd8 34. e6 Re7 35. Rf4 Nf5 36. Ref1 Qc7 37. Ne4 Rg8 38. Qc3+ Reg7 39. Ng5 Nd4 40. Nf7+ Rxf7 41. Rxf7 Qc8 42. R1f4 Re8 43. Rxd4 cxd4 44. Qxd4+ 1-0

[Event "Hessen-ch Seniors op 12th"]
[Site "Bad Sooden-Allendorf"]
[Date "2016.05.02"]
[Round "3"]
[White "Schnegelsberg, Karl Heinz"]
[Black "Jung, Michael"]
[Result "1-0"]
[WhiteElo "1990"]
[BlackElo "1823"]
[PlyCount "85"]
[EventDate "2016.04.30"]
[EventType "swiss"]
[EventRounds "9"]
[EventCountry "GER"]
[SourceTitle "EXT 2019"]
[Source "ChessBase"]
[SourceDate "2018.10.10"]
[SourceVersion "1"]
[SourceVersionDate "2018.10.10"]
[SourceQuality "1"]

1. Nf3 d5 2. g3 Nf6 3. Bg2 g6 4. 0-0 Bg7 5. d3 0-0 6. Nbd2 c5 7. e4 dxe4 8. dxe4 Nc6 9. Re1 e5 10. c3 Be6 11. Qe2 Qc7 12. Ng5 Rfe8 13. Nxe6 Rxe6 14. Nc4 b5 15. Ne3 c4 16. Nd5 Qd8 17. a4 a6 18. axb5 axb5 19. Rxa8 Qxa8 20. Nc7 Qc8 21. Nxb5 Na5 22. Bh3 Qc6 23. Bxe6 Qxe6 24. Rd1 h6 25. Rd6 Qc8 26. Bxh6 Qb8 27. Bxg7 Kxg7 28. Qf3 Nh5 29. Rd5 Nb3 30. Nd6 f6 31. Nxc4 Qc7 32. Qd3 Kh6 33. Rd7 Qc6 34. Qe3+ g5 35. Qd3 Nc5 36. Rd6 Nxd3 37. Rxc6 Kg7 38. b4 Nc1 39. Nd6 g4 40. b5 Nb3 41. b6 Na5 42. Rc7+ Kg6 43. Nc4 1-0

[Event "MVP-ch Seniors op 15th"]
[Site "Binz"]
[Date "2015.11.29"]
[Round "6.63"]
[White "Jepp, Wolfgang"]
[Black "Jung, Michael"]
[Result "1/2-1/2"]
[WhiteElo "1508"]
[BlackElo "1638"]
[PlyCount "161"]
[EventDate "2015.11.24"]
[EventType "swiss"]
[EventRounds "9"]
[EventCountry "GER"]
[SourceTitle "EXT 2017"]
[Source "ChessBase"]
[SourceDate "2016.10.25"]
[SourceVersion "1"]
[SourceVersionDate "2016.10.25"]
[SourceQuality "1"]

1. e4 Nf6 2. e5 Nd5 3. Nf3 d6 4. exd6 exd6 5. d4 Bg4 6. Bc4 Nb6 7. Bxf7+ Kd7 8. Bb3 Nc6 9. Be3 Qf6 10. Nbd2 Re8 11. c3 Kc8 12. 0-0 h6 13. h3 Bh5 14. a4 g5 15. g4 Bg6 16. Bc2 Be7 17. a5 Nd7 18. d5 Bxc2 19. Qxc2 Nce5 20. Nd4 h5 21. f4 gxf4 22. Rxf4 Qh4 23. N2f3 Qxh3 24. Qg2 hxg4 25. Qxh3 Rxh3 26. Kg2 Reh8 27. Nxe5 Nxe5 28. Bg1 Bg5 29. Re4 Rd3 30. Re2 Rd2 31. Rxd2 Bxd2 32. Rd1 Bg5 33. b3 Rh3 34. c4 Be3 35. Bxe3 Rxe3 36. Kf2 Rh3 37. Kg2 Kd7 38. Rb1 Rd3 39. Nf5 c6 40. dxc6+ bxc6 41. Ng3 Rd2+ 42. Kf1 Ke6 43. Ne2 Ra2 44. Nd4+ Kd7 45. Rd1 Rxa5 46. Nf5 d5 47. Ng3 Ke6 48. Ne2 Kf5 49. cxd5 cxd5 50. Rd4 Rb5 51. b4 a5 52. Nc3 Rxb4 53. Rxd5 Rc4 54. Ne2 a4 55. Ra5 Ke4 56. Rxa4 Ke3 57. Rxc4 Nxc4 58. Ng3 Kf3 59. Nh5 Nd2+ 60. Kg1 Ne4 61. Ng7 Ng5 62. Nh5 Nh3+ 63. Kh2 Nf4 64. Ng3 Nd5 65. Nh5 Ne3 66. Ng3 Kf2 67. Nh1+ Kf3 68. Ng3 Kf4 69. Nh5+ Kg5 70. Ng3 Kh4 71. Ne2 Nf1+ 72. Kg2 Ne3+ 73. Kh2 Nf5 74. Kg2 Ne3+ 75. Kh2 Nf1+ 76. Kg2 Nd2 77. Ng1 Ne4 78. Nf3+ Kh5 79. Ne5 g3 80. Nf3 Kg4 81. Nh2+ 1/2-1/2

[Event "MVP-ch Seniors op 15th"]
[Site "Binz"]
[Date "2015.11.27"]
[Round "4.68"]
[White "Wilfert, Eva Maria"]
[Black "Jung, Michael"]
[Result "0-1"]
[WhiteElo "1371"]
[BlackElo "1638"]
[PlyCount "89"]
[EventDate "2015.11.24"]
[EventType "swiss"]
[EventRounds "9"]
[EventCountry "GER"]
[SourceTitle "EXT 2017"]
[Source "ChessBase"]
[SourceDate "2016.10.25"]
[SourceVersion "1"]
[SourceVersionDate "2016.10.25"]
[SourceQuality "1"]

1. d4 d5 2. c4 c6 3. Nc3 Nf6 4. e3 a6 5. Nf3 Bg4 6. Be2 e6 7. 0-0 Bd6 8. h3 Bh5 9. c5 Bc7 10. Qb3 Qe7 11. Qxb7 Bh2+ 12. Nxh2 Qxb7 13. Bxh5 Nxh5 14. Nf3 Nd7 15. e4 0-0 16. e5 g6 17. b3 Ng7 18. Bg5 Rac8 19. Be7 Nxe5 20. Bd6 Nxf3+ 21. gxf3 Rfd8 22. Na4 Ra8 23. Nb6 Ra7 24. Bg3 Nf5 25. Be5 Qe7 26. Rad1 Qh4 27. Kh2 Qg5 28. Rg1 Qe7 29. Rd3 f6 30. Bg3 Nxg3 31. Rxg3 e5 32. dxe5 fxe5 33. b4 a5 34. a3 axb4 35. axb4 Qc7 36. Kg2 e4 37. fxe4 dxe4 38. Rde3 Rd4 39. Rg4 Rxb4 40. Rgxe4 Rxe4 41. Rxe4 Qf7 42. Re2 Re7 43. Rd2 Kg7 44. Nc8 Qf5 45. Nxe7 0-1

[Event "Schleswig Holstein-ch Seniors op 9th"]
[Site "Buesum"]
[Date "2015.10.05"]
[Round "7"]
[White "Jung, Michael"]
[Black "Ungar, Benedict"]
[Result "1-0"]
[WhiteElo "1828"]
[BlackElo "1690"]
[PlyCount "82"]
[EventDate "2015.09.28"]
[EventType "swiss"]
[EventRounds "9"]
[EventCountry "GER"]
[SourceTitle "EXT 2018"]
[Source "ChessBase"]
[SourceDate "2017.10.13"]
[SourceVersion "1"]
[SourceVersionDate "2017.10.13"]
[SourceQuality "1"]

1. c4 Nf6 2. Nc3 d5 3. cxd5 Nxd5 4. g3 e5 5. Bg2 c6 6. Nf3 Bd6 7. 0-0 0-0 8. d3 Be6 9. Bd2 h6 10. a3 f5 11. e3 f4 12. exf4 exf4 13. Ne4 fxg3 14. hxg3 Na6 15. Nd4 Bc8 16. Nxd6 Qxd6 17. Nf3 Bg4 18. Rc1 Kh8 19. Rc4 Nf6 20. Qc2 Bf5 21. Rd4 Qc5 22. Rc4 Qb5 23. Nd4 Bxd3 24. Qxd3 Qxb2 25. Rb1 Qa2 26. Rxb7 Rad8 27. Bxc6 Ng4 28. Rc2 Qa1+ 29. Rc1 Qxd4 30. Qxd4 Rxd4 31. Bc3 Rfd8 32. Bxd4 Rxd4 33. Rxa7 Nb8 34. Bf3 h5 35. Rc8+ Kh7 36. Rxb8 Ne5 37. Kg2 Rd2 38. Bxh5 Nd3 39. Rf7 Ne1+ 40. Kf1 Nd3 41. Bg4 Ne5 1-0

[Event "Schleswig Holstein-ch Seniors op 9th"]
[Site "Buesum"]
[Date "2015.09.28"]
[Round "1"]
[White "Dahlhaus, Friedhelm"]
[Black "Jung, Michael"]
[Result "1/2-1/2"]
[WhiteElo "2121"]
[BlackElo "1828"]
[PlyCount "70"]
[EventDate "2015.09.28"]
[EventType "swiss"]
[EventRounds "9"]
[EventCountry "GER"]
[SourceTitle "EXT 2018"]
[Source "ChessBase"]
[SourceDate "2017.10.13"]
[SourceVersion "1"]
[SourceVersionDate "2017.10.13"]
[SourceQuality "1"]

1. e4 d5 2. exd5 Qxd5 3. Nc3 Qa5 4. d4 c6 5. Nf3 Bf5 6. Bc4 e6 7. 0-0 Nf6 8. Re1 Be7 9. Bf4 0-0 10. Qe2 Nbd7 11. a3 Nd5 12. Bxd5 cxd5 13. b4 Qd8 14. Nxd5 Re8 15. Nxe7+ Qxe7 16. c4 Rac8 17. d5 h6 18. Rad1 Qf6 19. d6 Qc3 20. Ne5 Red8 21. c5 Qxa3 22. Qb5 Nxe5 23. Bxe5 f6 24. Ra1 Qd3 25. Qxd3 Bxd3 26. Rxa7 fxe5 27. Rxb7 e4 28. Ra1 Ra8 29. Rxa8 Rxa8 30. h3 Ba6 31. Rc7 Kf8 32. c6 g5 33. Rh7 Kg8 34. Re7 Bb5 35. d7 Bxc6 1/2-1/2

[Event "GER-chB Seniors 27th"]
[Site "Magdeburg"]
[Date "2015.08.22"]
[Round "8"]
[White "Jung, Michael"]
[Black "Krug, Franz Dieter"]
[Result "1/2-1/2"]
[WhiteElo "1828"]
[BlackElo "1641"]
[PlyCount "119"]
[EventDate "2015.08.15"]
[EventType "swiss"]
[EventRounds "9"]
[EventCountry "GER"]
[SourceTitle "EXT 2018"]
[Source "ChessBase"]
[SourceDate "2017.10.13"]
[SourceVersion "1"]
[SourceVersionDate "2017.10.13"]
[SourceQuality "1"]

1. c4 e5 2. Nc3 Nf6 3. e4 d6 4. h3 Nc6 5. Nge2 Be6 6. d3 Be7 7. g3 Qd7 8. Be3 a6 9. Bg2 0-0 10. Rc1 Kh8 11. a3 Rab8 12. Qc2 Ng8 13. Nd5 Bd8 14. g4 Bxd5 15. cxd5 Nce7 16. 0-0 Ng6 17. f4 exf4 18. Nxf4 Nxf4 19. Bxf4 Rc8 20. Qb3 c6 21. dxc6 Rxc6 22. Rc3 Bf6 23. Rxc6 Bd4+ 24. Kh2 bxc6 25. Bg3 Qc7 26. Qb4 c5 27. Qa4 Qb6 28. b4 f6 29. bxc5 Bxc5 30. Rd1 Bd4 31. Rc1 Ne7 32. Qd7 Ng8 33. Rc7 Bg1+ 34. Kh1 Ne7 35. Qxe7 Rg8 36. Rc1 Bc5 37. a4 h6 38. Qe6 Rb8 39. h4 Qb2 40. Qc4 Qe2 41. d4 Qxg4 42. dxc5 Qxg3 43. Qe2 Qxh4+ 44. Kg1 dxc5 45. Qxa6 Rb2 46. Qf1 Qg5 47. a5 Rxg2+ 48. Qxg2 Qxc1+ 49. Kh2 Qf4+ 50. Kh3 g5 51. Qg3 Qf1+ 52. Kg4 Qa6 53. Qb8+ Kh7 54. Qb6 Qc8+ 55. Kg3 h5 56. a6 Qg4+ 57. Kf2 Qf4+ 58. Kg1 Qe3+ 59. Kf1 Qf3+ 60. Kg1 1/2-1/2

[Event "Hessen-ch Seniors op 11th"]
[Site "Bad Sooden-Allendorf"]
[Date "2015.05.16"]
[Round "8"]
[White "Rother, Wilfried"]
[Black "Jung, Michael"]
[Result "1-0"]
[WhiteElo "1743"]
[BlackElo "1824"]
[PlyCount "43"]
[EventDate "2015.05.09"]
[EventType "swiss"]
[EventRounds "9"]
[EventCountry "GER"]
[SourceTitle "EXT 2018"]
[Source "ChessBase"]
[SourceDate "2017.10.13"]
[SourceVersion "1"]
[SourceVersionDate "2017.10.13"]
[SourceQuality "1"]

1. e4 Nf6 2. e5 Nd5 3. Nc3 Nxc3 4. bxc3 d6 5. Bc4 dxe5 6. Ba3 e6 7. Bxf8 Kxf8 8. Qe2 Qg5 9. Nf3 Qxg2 10. Rg1 Qh3 11. Rg3 Qh5 12. Rg5 Qh3 13. Rg3 Qf5 14. Nxe5 Qxc2 15. Rd3 Ke7 16. Qh5 g6 17. Qh4+ f6 18. Nxg6+ Kf7 19. Nxh8+ Kg7 20. Qg4+ Kf8 21. Qh5 Kg7 22. Qf7+ 1-0